10 Most congested cities in Europe - Statistics

General Stats
  • This quiz has been taken 40 times
  • The average score is 5 of 10
Answer Stats
Hours Answer % Correct
73 London
97%
65 Paris
97%
91 Moscow
89%
49 Munich
65%
59 Istanbul
59%
53 St Petersburg
54%
54 Zurich
22%
47 Nizhny Novgorod
8%
49 Sochi
5%
56 Krasnodar
3%
No matching quizzes found
Score Distribution
Percent of People with Each Score
Percentile by Number Answered
Your Score History
You have not taken this quiz